000
00266nam a2200133Ia 4500
100
_a
Kulkarni/ Kelkar
942
_c
BK
654
_a
Algebra
245
_a
College Algebra
260
_b
Sindhu Kulkarni
_c
1968
082
_a
572
300
_a
352
546
_a
ENGLISH
999
_c
24516
_d
24516